| 000 | 00481nam a2200193Ia 4500 | ||
|---|---|---|---|
| 005 | 20250603145444.0 | ||
| 008 | 250603s9999 xx 000 0 und d | ||
| 020 | _a81-207-2483-4 | ||
| 050 | _aHF 5547 .B43/ | ||
| 100 | _aBhatia, R. C. | ||
| 245 | 0 | _aOffice management and commercial correspondence | |
| 250 | _a2nd ed. | ||
| 260 | _aNew Delhi | ||
| 260 | _bSterling Publishers Private Limeted | ||
| 260 | _c2003 | ||
| 300 | _a343 p | ||
| 650 | _aNew Delhi | ||
| 942 | _cBK | ||
| 999 |
_c41909 _d41909 |
||